Vista normal
Vista MARC
Entrada Materia (corporativa)
Número de registros utilizados en: 1
001 - CONTROL NUMBER
- control field: 65451
003 - CONTROL NUMBER IDENTIFIER
- control field: Co-BoUCM
005 - DATE AND TIME OF LATEST TRANSACTION
- control field: 20141021140901.0
008 - FIXED-LENGTH DATA ELEMENTS
- fixed length control field: 141021|| aca||aabn | a|a d
040 ## - CATALOGING SOURCE
- Original cataloging agency: Co-BoUCM
- Transcribing agency: Co-BoUCM
110 ## - HEADING--CORPORATE NAME
- Corporate name or jurisdiction name as entry element: Comisión Nacional de Reparación y Reconciliación
- Subordinate unit: Área de Memoria Histórica
670 ## - SOURCE DATA FOUND
- Source citation: Work cat.: (Co-BoUCM)297362: Comisión Nacional de Reparación y Reconciliación Área de Memoria Histórica, La huella invisible de la guerra , 2011